LEADER 02164nam0 22003851i 450 001 UON00282893 005 20231205103844.579 010 $a96-08-74056-8 100 $a20061027d2005 |0itac50 ba 101 $amul$aGRE$aITA 102 $aGR 105 $a|||| ||||| 200 1 $aˆLa ‰grande iscrizione di Gortyna$eCentoventi anni dopo la scoperta$eAtti del 1. Convegno Internazionale di Studi sulla Messara'$eScuola Archeologica Italiana di Atene, Atene-Haghii Deka 25-28 maggio 2004$fa cura di Emanuele Greco e Mario Lombardo 210 $aAtene$cScuola Archeologica Italiana di Atene $d2005 215 $a222 p.$d24 cm 316 $aAcquisto diretto Santaniello dott. arch.$5IT-UONSI D187 410 1$1001UON00167862$12001 $aTripodes$eQuaderni della Scuola Archeologica Italiana di Atene$fdirettore Emanuele Greco$v4 423 1$1001UON00376046$12001 $aAtti del 1. Convegno Internazionale di Studi sulla Messara'$eScuola Archeologica Italiana di Atene$eAtene-Haghii Deka 25-28 maggio 2004 606 $aDiritto$xGrecia antica$3UONC028719$2FI 606 $aGORTINA (citta' estinta)$xCondizioni sociali$xCongressi$3UONC060745$2FI 606 $aGORTINA (citta' estinta)$xPolitica e governo$xCongressi$3UONC060744$2FI 606 $aISCRIZIONI GRECHE$xGrecia$xGortina (citta' estinta)$xCongressi$3UONC060742$2FI 606 $aSCAVI ARCHEOLOGICI$xGortina$xCongressi$3UONC060743$2FI 620 $aGR$dAtene$3UONL000203 676 $a340.938$cDIRITTO - Grecia antica$v21 702 1$aGreco$bEmanuele$3UONV056808 702 1$aLOMBARDO$bMario$3UONV057518 710 12$aCONVEGNO INTERNAZIONALE DI STUDI SULLA MESSARA'$d1.$f2004$eAtene - Hagii Deka$3UONV163755$0692921 712 $aScuola Archeologica Italiana di Atene$3UONV260237$4650 801 $aIT$bSOL$c20250307$gRICA 899 $aSIBA - SISTEMA BIBLIOTECARIO DI ATENEO$2UONSI 912 $aUON00282893 950 $aSIBA - SISTEMA BIBLIOTECARIO DI ATENEO$dSI D 187 $eSI MC 30485 5 Acquisto diretto Santaniello dott. arch. 996 $aGrande iscrizione di Gortyna$91244788 997 $aUNIOR